10 x 10 Nonogram with Whammies - "Whiskers" - Statistics

General Stats
  • This quiz has been taken 555 times
  • The average score is 79 of 100
Answer Stats
Answer % Correct
d
93%
d
92%
x
92%
d
91%
x
91%
d
90%
d
89%
d
89%
d
88%
d
88%
x
88%
x
88%
d
87%
d
87%
d
87%
x
87%
d
86%
x
86%
x
86%
d
85%
x
85%
x
85%
x
85%
x
85%
d
84%
x
84%
x
84%
x
84%
x
84%
x
84%
d
83%
d
83%
x
83%
d
82%
x
82%
x
82%
d
81%
d
81%
x
81%
x
81%
x
81%
x
81%
d
80%
x
80%
x
80%
x
80%
x
80%
d
79%
x
79%
x
79%
x
79%
x
79%
x
79%
d
78%
x
78%
x
78%
x
78%
x
77%
d
76%
x
76%
x
76%
x
76%
d
75%
d
75%
x
75%
d
74%
d
74%
d
74%
d
74%
x
74%
x
74%
x
74%
x
74%
d
73%
d
73%
d
73%
d
73%
x
73%
x
73%
x
73%
x
73%
x
73%
x
73%
x
73%
d
72%
x
72%
x
72%
x
72%
x
71%
x
71%
d
70%
d
70%
d
70%
x
70%
x
70%
d
69%
d
69%
d
69%
x
69%
x
69%
No matching quizzes found
Score Distribution
Percent of People with Each Score
Percentile by Number Answered
Your Score History
You have not taken this quiz